[Event "SWE-chT 1819 Superettan"]
[Site "Sweden"]
[Date "2018.11.10"]
[Round "2"]
[White "Tuomainen, Felix"]
[Black "Adler, Bo"]
[Result "1-0"]
[WhiteElo "2194"]
[BlackElo "2176"]
[PlyCount "67"]
[EventDate "2018.11.09"]
[EventType "team-tourn"]
[EventRounds "9"]
[EventCountry "SWE"]
[SourceTitle "EXT 2020"]
[Source "ChessBase"]
[SourceDate "2019.10.17"]
[SourceVersion "1"]
[SourceVersionDate "2019.10.17"]
[SourceQuality "1"]
[WhiteTeam "Stockholm Rockaden II"]
[BlackTeam "Sodra"]
[WhiteTeamCountry "SWE"]
[BlackTeamCountry "SWE"]

1. d4 Nf6 2. c4 e6 3. Nf3 d5 4. Nc3 Be7 5. Bf4 0-0 6. e3 b6 7. cxd5 exd5 8. Bd3 Bb7 9. 0-0 Na6 10. Ne5 c5 11. Bg5 Nc7 12. f4 Ne4 13. Bxe7 Qxe7 14. Qe2 cxd4 15. exd4 Ne6 16. Bxe4 dxe4 17. d5 Nxf4 18. Rxf4 Qxe5 19. Rxe4 Qd6 20. Rd1 Rad8 21. Qe3 a6 22. h3 h6 23. Kh1 Rd7 24. Na4 Qf6 25. Re5 Rfd8 26. Re8+ Kh7 27. Rxd8 Rxd8 28. Nc3 Qf5 29. Qxb6 Bxd5 30. Nxd5 Rxd5 31. Rxd5 Qxd5 32. Qxa6 Qd2 33. Qb7 f5 34. Qf3 1-0

[Event "SWE-chT 1819 Superettan"]
[Site "Sweden"]
[Date "2018.11.09"]
[Round "1"]
[White "Tuomainen, Felix"]
[Black "Backlund, Anders"]
[Result "1/2-1/2"]
[WhiteElo "2194"]
[BlackElo "2307"]
[PlyCount "81"]
[EventDate "2018.11.09"]
[EventType "team-tourn"]
[EventRounds "9"]
[EventCountry "SWE"]
[SourceTitle "EXT 2020"]
[Source "ChessBase"]
[SourceDate "2019.10.17"]
[SourceVersion "1"]
[SourceVersionDate "2019.10.17"]
[SourceQuality "1"]
[WhiteTeam "Stockholm Rockaden II"]
[BlackTeam "Kungstornet"]
[WhiteTeamCountry "SWE"]
[BlackTeamCountry "SWE"]

1. d4 Nf6 2. c4 g6 3. Nc3 d5 4. Qa4+ c6 5. cxd5 Nxd5 6. e4 Nxc3 7. bxc3 Bg7 8. Nf3 0-0 9. Be2 Nd7 10. 0-0 e5 11. Rd1 exd4 12. cxd4 Re8 13. Qc2 Qe7 14. Bd3 Nf8 15. Bg5 Bf6 16. Bxf6 Qxf6 17. Rab1 Bg4 18. e5 Qe7 19. Be4 Rad8 20. h3 Bxf3 21. Bxf3 Ne6 22. Qb2 c5 23. dxc5 Rxd1+ 24. Rxd1 Nxc5 25. Qa3 b6 26. Bc6 Rc8 27. Bf3 Rc7 28. Qe3 Rd7 29. Rd5 Qe6 30. Rxd7 Qxd7 31. Bg4 Qd5 32. a3 h5 33. Bf3 Qd3 34. Qg5 Qd4 35. Qe7 Nd3 36. e6 Qa1+ 37. Kh2 Qe5+ 38. Kg1 Qe1+ 39. Kh2 Qe5+ 40. Kg1 Qe1+ 41. Kh2 1/2-1/2

[Event "Deltalift op"]
[Site "Tylosand"]
[Date "2018.05.10"]
[Round "2"]
[White "Tuomainen, Felix"]
[Black "Troberg Eskola, Love"]
[Result "0-1"]
[WhiteElo "2211"]
[BlackElo "1993"]
[PlyCount "88"]
[EventDate "2018.05.10"]
[EventType "swiss"]
[EventRounds "8"]
[EventCountry "SWE"]
[SourceTitle "CBM 184 Extra"]
[Source "ChessBase"]
[SourceDate "2018.06.28"]
[SourceVersion "1"]
[SourceVersionDate "2018.06.28"]
[SourceQuality "1"]

1. d4 d5 2. c4 dxc4 3. e3 b5 4. a4 b4 5. Bxc4 e6 6. Nf3 Nf6 7. 0-0 Be7 8. Qe2 0-0 9. e4 c5 10. Rd1 Qc7 11. Bg5 h6 12. Bh4 cxd4 13. Nxd4 Nbd7 14. Nb5 Qc5 15. Nd2 Ne5 16. Bb3 a6 17. Rac1 Qb6 18. Bg3 axb5 19. Bxe5 bxa4 20. Ba2 b3 21. Bb1 Ba6 22. Bd3 Bxd3 23. Qxd3 Rfd8 24. Qg3 Rdc8 25. Nc4 Qc6 26. Bxf6 Bxf6 27. e5 Bg5 28. f4 Be7 29. h3 Qe4 30. Nd6 Rxc1 31. Nxe4 Rxd1+ 32. Kh2 a3 33. bxa3 b2 34. Nc3 Rxa3 35. Qf2 Rxc3 36. Qxb2 Rcc1 37. Qb8+ Kh7 38. Kg3 Rd3+ 39. Kf2 Rc2+ 40. Kg1 Rdd2 41. Qe8 Rxg2+ 42. Kf1 Rcf2+ 43. Ke1 Bb4+ 44. Kd1 Rg1# 0-1

[Event "Nordic-ch U20"]
[Site "Heinola"]
[Date "2018.02.10"]
[Round "3"]
[White "Tumanov, Dmitri"]
[Black "Tuomainen, Felix"]
[Result "0-1"]
[WhiteElo "2133"]
[BlackElo "2215"]
[PlyCount "52"]
[EventDate "2018.02.09"]
[EventType "swiss"]
[EventRounds "6"]
[EventCountry "FIN"]
[SourceTitle "EXT 2019"]
[Source "ChessBase"]
[SourceDate "2018.10.10"]
[SourceVersion "1"]
[SourceVersionDate "2018.10.10"]
[SourceQuality "1"]

1. e4 e6 2. d4 d5 3. exd5 exd5 4. c4 c6 5. Nc3 Nf6 6. c5 b6 7. cxb6 axb6 8. Bd3 Bd6 9. Nge2 0-0 10. Bf4 Bxf4 11. Nxf4 Re8+ 12. Kf1 Qd6 13. Nh5 g6 14. Nxf6+ Qxf6 15. Bc2 Ba6+ 16. Kg1 Nd7 17. g3 Nf8 18. b4 Ne6 19. b5 Bxb5 20. Nxb5 cxb5 21. Kg2 Nxd4 22. Bd3 b4 23. Qg4 h5 24. Qf4 Qxf4 25. gxf4 Ne6 26. Kf3 Ra3 0-1

[Event "Nordic-ch U20"]
[Site "Heinola"]
[Date "2018.02.09"]
[Round "2"]
[White "Tuomainen, Felix"]
[Black "Jogstad, Martin"]
[Result "1/2-1/2"]
[WhiteElo "2215"]
[BlackElo "2321"]
[PlyCount "148"]
[EventDate "2018.02.09"]
[EventType "swiss"]
[EventRounds "6"]
[EventCountry "FIN"]
[SourceTitle "EXT 2019"]
[Source "ChessBase"]
[SourceDate "2018.10.10"]
[SourceVersion "1"]
[SourceVersionDate "2018.10.10"]
[SourceQuality "1"]

1. d4 d5 2. c4 c6 3. Nf3 Nf6 4. e3 g6 5. Nbd2 Bg7 6. Be2 0-0 7. 0-0 e6 8. b3 Nbd7 9. Qc2 Re8 10. Bb2 a5 11. Rfe1 a4 12. Bf1 Qa5 13. Bc3 Qc7 14. e4 dxe4 15. Nxe4 Nxe4 16. Qxe4 b6 17. Ne5 Bb7 18. Qf3 Nxe5 19. dxe5 c5 20. Qe3 Red8 21. Red1 axb3 22. axb3 Rxa1 23. Rxa1 Qc6 24. b4 cxb4 25. Bxb4 Rd7 26. Bc3 Bf8 27. Bd4 Bc5 28. Bxc5 Qxc5 29. Qxc5 bxc5 30. Ra5 Rc7 31. Ra7 Rd7 32. Ra5 Rc7 33. f3 Kf8 34. Kf2 Ke7 35. Ke3 f6 36. exf6+ Kxf6 37. Bd3 Ke5 38. f4+ Kf6 39. Be4 Bxe4 40. Kxe4 h5 41. g3 Rd7 42. Rxc5 Rd2 43. h3 Re2+ 44. Kf3 Rc2 45. g4 Rc3+ 46. Ke4 Rxh3 47. g5+ Ke7 48. Rc7+ Kd6 49. Rg7 Rc3 50. Kd4 Rf3 51. c5+ Kc6 52. Ke4 Rf1 53. Rxg6 Kxc5 54. Rh6 Re1+ 55. Kf3 Rf1+ 56. Kg3 e5 57. fxe5 Kd5 58. e6 Rg1+ 59. Kf4 Rf1+ 60. Ke3 Re1+ 61. Kf3 Rxe6 62. Kf4 Re1 63. Kf5 Rf1+ 64. Kg6 Ke6 65. Kg7+ Kf5 66. Rf6+ Kxg5 67. Rxf1 h4 68. Ra1 h3 69. Rb1 Kg4 70. Kg6 h2 71. Ra1 Kg3 72. Kg5 Kg2 73. Kg4 h1Q 74. Rxh1 Kxh1 1/2-1/2

[Event "Rilton Cup 47th"]
[Site "Stockholm"]
[Date "2017.12.29"]
[Round "3"]
[White "Kucuksari, Kaan"]
[Black "Tuomainen, Felix"]
[Result "1/2-1/2"]
[WhiteElo "2290"]
[BlackElo "2174"]
[PlyCount "76"]
[EventDate "2017.12.27"]
[EventType "swiss"]
[EventRounds "9"]
[EventCountry "SWE"]
[SourceTitle "CBM 182 Extra"]
[Source "ChessBase"]
[SourceDate "2018.02.23"]
[SourceVersion "1"]
[SourceVersionDate "2018.02.23"]
[SourceQuality "1"]

1. d4 Nf6 2. Nf3 d5 3. c4 e6 4. g3 Be7 5. Bg2 0-0 6. 0-0 dxc4 7. Qc2 a6 8. Qxc4 b5 9. Qc2 Bb7 10. Bd2 Be4 11. Qc1 c6 12. Rd1 Nbd7 13. Nc3 Bg6 14. Nh4 Qb6 15. Nxg6 hxg6 16. Bg5 Rac8 17. Qd2 b4 18. Ne4 Nxe4 19. Bxe4 Bxg5 20. Qxg5 Nf6 21. Bf3 c5 22. dxc5 Rxc5 23. Qe3 Qa5 24. Rd6 Rcc8 25. Qb6 Qxb6 26. Rxb6 a5 27. Rb5 Rc2 28. b3 Nd5 29. Bxd5 exd5 30. Rxa5 Rd8 31. Rb5 Rxe2 32. Rxb4 d4 33. a4 d3 34. Rd1 d2 35. Kf1 Rde8 36. Kg2 Rd8 37. Kf1 Rde8 38. Kg2 Rd8 1/2-1/2

[Event "Wch U20 56th"]
[Site "Tarvisio"]
[Date "2017.11.25"]
[Round "11"]
[White "Piyumantha, M Sasith Nipun"]
[Black "Tuomainen, Felix"]
[Result "1/2-1/2"]
[WhiteElo "2032"]
[BlackElo "2214"]
[PlyCount "61"]
[EventDate "2017.11.13"]
[EventType "swiss"]
[EventRounds "11"]
[EventCountry "ITA"]
[SourceTitle "EXT 2019"]
[Source "ChessBase"]
[SourceDate "2018.10.10"]
[SourceVersion "1"]
[SourceVersionDate "2018.10.10"]
[SourceQuality "1"]

1. d4 Nf6 2. c4 e6 3. Nf3 d5 4. g3 Be7 5. Bg2 0-0 6. 0-0 c6 7. Qc2 Nbd7 8. Nbd2 b5 9. cxb5 cxb5 10. Qc6 Rb8 11. Nb3 a6 12. Bf4 Bb7 13. Qc7 Qxc7 14. Bxc7 Rbc8 15. Rac1 Ne8 16. Bf4 Nef6 17. Ne5 Nxe5 18. Bxe5 Rxc1 19. Rxc1 Rc8 20. Rxc8+ Bxc8 21. f3 Nd7 22. Bc7 Kf8 23. Kf2 Ke8 24. e4 Bb7 25. e5 Nf8 26. Ke3 Kd7 27. Ba5 Kc6 28. a3 Nd7 29. Bb4 Bxb4 30. axb4 Nb6 31. Na5+ 1/2-1/2

[Event "Wch U20 56th"]
[Site "Tarvisio"]
[Date "2017.11.24"]
[Round "10"]
[White "Tuomainen, Felix"]
[Black "Urazayev, Arystanbek"]
[Result "0-1"]
[WhiteElo "2214"]
[BlackElo "2349"]
[PlyCount "36"]
[EventDate "2017.11.13"]
[EventType "swiss"]
[EventRounds "11"]
[EventCountry "ITA"]
[SourceTitle "CBM 181 Extra"]
[Source "ChessBase"]
[SourceDate "2017.12.12"]
[SourceVersion "1"]
[SourceVersionDate "2017.12.12"]
[SourceQuality "1"]

1. d4 Nf6 2. c4 g6 3. Nc3 Bg7 4. e4 d6 5. h3 0-0 6. Be3 e5 7. d5 a5 8. Nge2 Na6 9. g4 Nd7 10. Ng3 Qh4 11. Qc2 h6 12. 0-0-0 Ndc5 13. Be2 Kh7 14. Rdg1 Nb4 15. Qb1 Bf6 16. Nb5 Bd8 17. f3 Bd7 18. Bf2 Bg5+ 0-1

[Event "Wch U20 56th"]
[Site "Tarvisio"]
[Date "2017.11.21"]
[Round "8"]
[White "Tuomainen, Felix"]
[Black "Mohammad, Nubairshah Shaikh"]
[Result "0-1"]
[WhiteElo "2214"]
[BlackElo "2394"]
[PlyCount "66"]
[EventDate "2017.11.13"]
[EventType "swiss"]
[EventRounds "11"]
[EventCountry "ITA"]
[SourceTitle "CBM 181 Extra"]
[Source "ChessBase"]
[SourceDate "2017.12.12"]
[SourceVersion "1"]
[SourceVersionDate "2017.12.12"]
[SourceQuality "1"]

1. d4 Nf6 2. c4 g6 3. Nc3 d5 4. Qa4+ Bd7 5. Qd1 Bc6 6. Nf3 dxc4 7. Ne5 Bg7 8. Nxc6 Nxc6 9. e3 Na5 10. Qa4+ Nc6 11. Qxc4 0-0 12. Be2 e5 13. dxe5 Nxe5 14. Qb5 c6 15. Qxb7 Nd3+ 16. Kf1 Qd6 17. Qa6 Nxc1 18. Rxc1 Qd2 19. Rb1 Rab8 20. Qa3 Rfd8 21. g3 Bf8 22. Qa6 Rb6 23. Qxa7 Rdb8 24. Kg2 Rxb2 25. Rbc1 R8b7 26. Qd4 Qxd4 27. exd4 Bh6 28. f4 g5 29. Rhf1 gxf4 30. gxf4 Nh5 31. Kf3 Nxf4 32. Bc4 Rxh2 33. Rh1 Rbb2 0-1

[Event "Wch U20 56th"]
[Site "Tarvisio"]
[Date "2017.11.19"]
[Round "6"]
[White "Tuomainen, Felix"]
[Black "Huber, Martin Christian"]
[Result "1-0"]
[WhiteElo "2214"]
[BlackElo "2396"]
[PlyCount "72"]
[EventDate "2017.11.13"]
[EventType "swiss"]
[EventRounds "11"]
[EventCountry "ITA"]
[SourceTitle "CBM 181 Extra"]
[Source "ChessBase"]
[SourceDate "2017.12.12"]
[SourceVersion "1"]
[SourceVersionDate "2017.12.12"]
[SourceQuality "1"]

1. d4 Nf6 2. c4 e6 3. Nf3 b6 4. Nc3 Bb4 5. Bd2 Bb7 6. a3 Bxc3 7. Bxc3 Ne4 8. Rc1 0-0 9. g3 Ng5 10. Bg2 Nxf3+ 11. exf3 d5 12. f4 Nc6 13. 0-0 Qd7 14. f5 Rad8 15. fxe6 fxe6 16. cxd5 exd5 17. Re1 Rf6 18. Bd2 Rdf8 19. Be3 Na5 20. Qd3 Qf7 21. b3 h6 22. Bf4 Nc6 23. b4 a6 24. Rc2 Bc8 25. Rd2 a5 26. Be3 Ne7 27. Qb3 c6 28. a4 b5 29. axb5 cxb5 30. f4 a4 31. Qa2 Nc6 32. Rc2 Bf5 33. Rxc6 Rxc6 34. Bxd5 Rc4 35. Bxf7+ Kxf7 36. d5 Rd8 1-0

[Event "Wch U20 56th"]
[Site "Tarvisio"]
[Date "2017.11.13"]
[Round "1"]
[White "Zanan, Evgeny"]
[Black "Tuomainen, Felix"]
[Result "1-0"]
[WhiteElo "2471"]
[BlackElo "2214"]
[PlyCount "182"]
[EventDate "2017.11.13"]
[EventType "swiss"]
[EventRounds "11"]
[EventCountry "ITA"]
[SourceTitle "CBM 181 Extra"]
[Source "ChessBase"]
[SourceDate "2017.12.12"]
[SourceVersion "1"]
[SourceVersionDate "2017.12.12"]
[SourceQuality "1"]

1. d4 d5 2. Nf3 Nf6 3. Bf4 c5 4. e3 Nc6 5. Nbd2 e6 6. c3 Bd6 7. Bg3 0-0 8. Bb5 Be7 9. dxc5 Bxc5 10. Bd3 Re8 11. Bh4 Be7 12. Qc2 h6 13. Bg3 Nd7 14. 0-0 Bf6 15. Rad1 Nde5 16. Nxe5 Nxe5 17. Be2 Qb6 18. e4 Bd7 19. exd5 exd5 20. Nb3 Bc6 21. Nd4 Rad8 22. Rfe1 Nc4 23. Nxc6 bxc6 24. Bxc4 dxc4 25. h3 Qa5 26. Bf4 Qb5 27. Rxd8 Rxd8 28. Qe2 Qc5 29. Bc7 Rc8 30. Qg4 Ra8 31. Re4 Qb5 32. Qe2 Rc8 33. Bf4 Rd8 34. Rxc4 Qd5 35. Kh2 Qf5 36. Re4 Bg5 37. Bxg5 hxg5 38. g3 g6 39. Kg2 Kg7 40. a4 Rd2 41. Qxd2 Qxe4+ 42. Kh2 Qxa4 43. Qxg5 Qc2 44. Qe5+ Kg8 45. Kg2 Qxb2 46. Qa5 Qb7 47. Qd8+ Kg7 48. Qd4+ Kg8 49. Qf6 c5+ 50. Kh2 Qd5 51. h4 Kh7 52. Qg5 Qc4 53. Qe5 Kg8 54. Kg2 Kh7 55. h5 gxh5 56. Qxh5+ Kg7 57. Qg5+ Kf8 58. Qe5 Kg8 59. Kh2 Kh7 60. Kg1 Kg8 61. Kg2 Kh7 62. Kf3 Qd3+ 63. Kg4 Qg6+ 64. Kf4 Qh6+ 65. Kf3 Qh1+ 66. Kg4 Qc6 67. Qf5+ Kg7 68. c4 Kf8 69. f4 Qd6 70. Kg5 Qd4 71. Qc8+ Kg7 72. Qa6 Qc3 73. Kh4 Qd4 74. Kh5 Qd1+ 75. g4 Qh1+ 76. Kg5 Qe4 77. Qf6+ Kg8 78. Qc3 Qd4 79. Qc1 Kg7 80. f5 Qd8+ 81. Kf4 Qd4+ 82. Kg3 Qd3+ 83. Kh4 Qd4 84. Kh5 Kf8 85. Qh6+ Ke7 86. Qc6 Qe5 87. Qb7+ Ke8 88. Qf3 Qg7 89. g5 Qe5 90. Kh4 Qh2+ 91. Qh3 Qf4+ 1-0

[Event "Uppsala Young Champions"]
[Site "Uppsala"]
[Date "2017.11.01"]
[Round "8"]
[White "Tuomainen, Felix"]
[Black "Risting, Eivind Olav"]
[Result "0-1"]
[WhiteElo "2195"]
[BlackElo "2335"]
[PlyCount "52"]
[EventDate "2017.10.27"]
[EventType "swiss"]
[EventRounds "9"]
[EventCountry "SWE"]
[SourceTitle "CBM 181 Extra"]
[Source "ChessBase"]
[SourceDate "2017.12.12"]
[SourceVersion "1"]
[SourceVersionDate "2017.12.12"]
[SourceQuality "1"]

1. d4 Nf6 2. c4 e6 3. Nc3 Bb4 4. Qc2 b6 5. e4 c5 6. d5 Qe7 7. Be2 exd5 8. exd5 0-0 9. Be3 d6 10. h3 Ne4 11. Bd3 Bxc3+ 12. bxc3 Ng3 13. Rh2 f5 14. 0-0-0 Ne4 15. Ne2 Nd7 16. Re1 Ne5 17. f3 Qh4 18. Rf1 Ng3 19. Rd1 b5 20. f4 bxc4 21. fxe5 cxd3 22. Qxd3 f4 23. Nxg3 fxg3 24. Rhh1 Bf5 25. Qe2 Rab8 26. Qf3 Qc4 0-1